000 00696nam a2200241 i 4500
001 C2-0137735
003 PPAK
005 20180727124351.0
008 971218s1990 my a|||| ||||| | eng d
020 _a983995329X
040 _aPPAK
_beng
_cPPAK
_erda
082 0 4 _a306.089992
_223
090 0 0 _a306.089992
_bSOC
_dKK
245 0 0 _aSocial organization of Sabah societies
250 _aLingenfelter, Sherwood G.
264 1 _aSabah :
_bSabah Museum and State Archives Deparment ,
_c1990
300 _a165 pages :
_billustrations ;
_c25 cm
336 _2rdacontent
_atext
337 _2rdamedia
_aunmediated
338 _2rdacarrier
_avolume
650 1 0 _aCulture - Origin
942 _ddc
_cB
999 _c43103
_d43103